[Event "Chigorin Memorial 21st"]
[Site "St Petersburg"]
[Date "2013.10.13"]
[Round "9"]
[White "Rubtsov, Daniil"]
[Black "Plotnikov, Vitaly"]
[Result "0-1"]
[WhiteElo "1522"]
[BlackElo "2065"]
[PlyCount "70"]
[EventDate "2013.10.05"]
[EventType "swiss"]
[EventRounds "9"]
[EventCountry "RUS"]
[SourceTitle "CBM 156 Extra"]
[Source "ChessBase"]
[SourceDate "2013.10.22"]
[SourceVersion "1"]
[SourceVersionDate "2013.10.22"]
[SourceQuality "1"]

1. e4 c6 2. Nf3 d5 3. e5 Bg4 4. Be2 Nd7 5. d4 e6 6. h3 Bh5 7. c4 dxc4 8. Bxc4 Nb6 9. Be2 Ne7 10. 0-0 Ned5 11. Nc3 Be7 12. Nxd5 Nxd5 13. Bc4 0-0 14. Qb3 Nb6 15. g4 Nxc4 16. gxh5 b5 17. Kh2 f5 18. Rg1 Kh8 19. Ng5 Qxd4 20. Nxe6 Qxe5+ 21. Qg3 Qxg3+ 22. Rxg3 Rf7 23. b3 Bf6 24. Rb1 Nd6 25. Bf4 Ne4 26. Rg2 Re8 27. Nc7 Ree7 28. Rd1 Rxc7 29. Bxc7 Rxc7 30. f3 Nc3 31. Re1 h6 32. Re6 c5 33. Rc2 Nd5 34. Re8+ Kh7 35. Rce2 Nf4 0-1

[Event "Chigorin Memorial 21st"]
[Site "St Petersburg"]
[Date "2013.10.11"]
[Round "7"]
[White "Mokshanov, Igor"]
[Black "Plotnikov, Vitaly"]
[Result "1-0"]
[WhiteElo "1888"]
[BlackElo "2065"]
[PlyCount "108"]
[EventDate "2013.10.05"]
[EventType "swiss"]
[EventRounds "9"]
[EventCountry "RUS"]
[SourceTitle "CBM 156 Extra"]
[Source "ChessBase"]
[SourceDate "2013.10.22"]
[SourceVersion "1"]
[SourceVersionDate "2013.10.22"]
[SourceQuality "1"]

1. e4 c6 2. d4 d5 3. exd5 cxd5 4. Bd3 Nc6 5. Nf3 Qc7 6. c3 Bg4 7. 0-0 Nf6 8. Re1 e6 9. Bg5 Bd6 10. h3 Bh5 11. Nbd2 Bg6 12. Nf1 Ne4 13. Bxe4 Bxe4 14. N3d2 Bg6 15. Bh4 0-0 16. Bg3 b5 17. b4 Bxg3 18. Nxg3 a5 19. a3 Ne7 20. Nb3 Qxc3 21. Nxa5 Rfc8 22. Ne2 Qb2 23. Nf4 Nf5 24. Ne2 Nd6 25. Nf4 Bc2 26. Qd2 Ne4 27. Qe2 Qxd4 28. Rac1 Ba4 29. Nc6 Rxc6 30. Rxc6 Bb3 31. Qe3 Qxe3 32. Rxe3 Bc4 33. a4 g5 34. Nh5 Kf8 35. a5 Ra7 36. f3 Nd2 37. Rc8+ Ke7 38. Rh8 d4 39. Re1 Bb3 40. Kf2 Nc4 41. Ng3 Rd7 42. Ne4 Bc2 43. Rb8 d3 44. Rxb5 d2 45. Nxd2 Nxd2 46. a6 Bd3 47. Rb7 Bxa6 48. Rxd7+ Kxd7 49. Rd1 Kc6 50. Rxd2 h5 51. Rd8 f5 52. Rh8 g4 53. Rxh5 gxh3 54. gxh3 Bd3 1-0

[Event "Chigorin Memorial 21st"]
[Site "St Petersburg"]
[Date "2013.10.10"]
[Round "6"]
[White "Plotnikov, Vitaly"]
[Black "Palchun, Grigory"]
[Result "0-1"]
[WhiteElo "2065"]
[BlackElo "2263"]
[PlyCount "94"]
[EventDate "2013.10.05"]
[EventType "swiss"]
[EventRounds "9"]
[EventCountry "RUS"]
[SourceTitle "CBM 156 Extra"]
[Source "ChessBase"]
[SourceDate "2013.10.22"]
[SourceVersion "1"]
[SourceVersionDate "2013.10.22"]
[SourceQuality "1"]

1. e4 c5 2. Nf3 Nc6 3. Bb5 g6 4. 0-0 Bg7 5. c3 Nf6 6. e5 Nd5 7. d4 cxd4 8. cxd4 d6 9. Nc3 Nxc3 10. bxc3 0-0 11. Bxc6 bxc6 12. Re1 Bf5 13. Qa4 Qc7 14. exd6 exd6 15. Bf4 c5 16. Rad1 Rfd8 17. h3 cxd4 18. Nxd4 Qxc3 19. Nxf5 gxf5 20. Re3 Qc5 21. Rg3 Kh8 22. Be3 Qc7 23. Rxg7 Kxg7 24. Qh4 f6 25. Qh6+ Kg8 26. Qxf6 Qf7 27. Qg5+ Qg6 28. Qe7 Re8 29. Qc7 Re6 30. Qb7 Rf8 31. Bf4 Qf7 32. Qb4 d5 33. Rd3 Rg6 34. Qd2 Rd8 35. Be5 Qe6 36. f4 Kf7 37. Kh2 Rdg8 38. g3 Rd8 39. Qa5 Qb6 40. Qd2 Kf8 41. Rb3 Qa6 42. Qc2 Kg8 43. Rb2 Qa3 44. Rb3 Qa4 45. Qb2 Rc6 46. g4 Qe4 47. Qa3 Rc2+ 0-1

[Event "Chigorin Memorial 21st"]
[Site "St Petersburg"]
[Date "2013.10.08"]
[Round "4"]
[White "Plotnikov, Vitaly"]
[Black "Kopasov, Evgeny Aleksandrovi"]
[Result "1-0"]
[WhiteElo "2065"]
[BlackElo "1975"]
[PlyCount "71"]
[EventDate "2013.10.05"]
[EventType "swiss"]
[EventRounds "9"]
[EventCountry "RUS"]
[SourceTitle "CBM 156 Extra"]
[Source "ChessBase"]
[SourceDate "2013.10.22"]
[SourceVersion "1"]
[SourceVersionDate "2013.10.22"]
[SourceQuality "1"]

1. e4 c5 2. Nf3 d6 3. Bc4 e6 4. 0-0 Nc6 5. c3 Nf6 6. Re1 Nxe4 7. Bxe6 Bxe6 8. Rxe4 d5 9. Re1 Be7 10. d4 cxd4 11. Nxd4 Nxd4 12. Qxd4 0-0 13. Bf4 b6 14. Be5 f6 15. Bf4 Bf7 16. Be3 Re8 17. Nd2 Rc8 18. Nf3 Qd7 19. Qd2 Bc5 20. Bd4 Re4 21. Rxe4 dxe4 22. Bxc5 Qb7 23. Bxb6 exf3 24. Bd4 fxg2 25. f4 Bd5 26. Re1 a6 27. b3 Qf7 28. Qe2 Bb7 29. b4 Rd8 30. a4 Qd7 31. b5 axb5 32. axb5 Kf7 33. b6 Re8 34. Qh5+ g6 35. Qxh7+ Kf8 36. Bc5+ 1-0

[Event "St Petersburg Winter op"]
[Site "St Petersburg"]
[Date "2007.02.07"]
[Round "8"]
[White "Bragina, Anastasia"]
[Black "Plotnikov, Vitaly"]
[Result "1-0"]
[WhiteElo "2052"]
[BlackElo "2139"]
[PlyCount "57"]
[EventDate "2007.01.29"]
[EventType "swiss"]
[EventRounds "9"]
[EventCountry "RUS"]
[SourceTitle "EXT 2008"]
[Source "ChessBase"]
[SourceDate "2007.11.25"]
[SourceVersion "1"]
[SourceVersionDate "2007.11.25"]
[SourceQuality "1"]

1. e4 e6 2. d4 d5 3. Nd2 Be7 4. c3 Nd7 5. Bd3 dxe4 6. Nxe4 Ngf6 7. Ne2 b6 8. 0-0 Bb7 9. f3 0-0 10. Kh1 c5 11. Bg5 cxd4 12. Nxf6+ Bxf6 13. Bxf6 Qxf6 14. Be4 d3 15. Bxb7 dxe2 16. Qxe2 Rad8 17. Rad1 Nc5 18. Bc6 Qe7 19. f4 Rd6 20. Bf3 Rfd8 21. Rxd6 Qxd6 22. b4 Nd3 23. Rd1 Kf8 24. g3 Ke7 25. Kg2 f5 26. Qe3 g5 27. fxg5 f4 28. Qe4 Kf8 29. Qxh7 1-0

[Event "St Petersburg Winter op"]
[Site "St Petersburg"]
[Date "2007.02.06"]
[Round "7"]
[White "Plotnikov, Vitaly"]
[Black "Gantsevich, Aleksei"]
[Result "1-0"]
[WhiteElo "2139"]
[BlackElo "1990"]
[PlyCount "105"]
[EventDate "2007.01.29"]
[EventType "swiss"]
[EventRounds "9"]
[EventCountry "RUS"]
[SourceTitle "EXT 2008"]
[Source "ChessBase"]
[SourceDate "2007.11.25"]
[SourceVersion "1"]
[SourceVersionDate "2007.11.25"]
[SourceQuality "1"]

1. e4 e5 2. Nf3 Nc6 3. Bb5 a6 4. Ba4 Nf6 5. 0-0 Be7 6. Bxc6 dxc6 7. Nxe5 Nxe4 8. Qe2 Nf6 9. Re1 Be6 10. d3 0-0 11. Nxf7 Bxf7 12. Qxe7 Qd4 13. Nc3 Nd5 14. Be3 Qg4 15. Qe4 Qh5 16. Bd2 Nxc3 17. Bxc3 Bd5 18. Qe5 Qf7 19. Qg3 Rad8 20. Be5 Rd7 21. b3 c5 22. Re3 Re8 23. Rae1 Re6 24. f3 Rde7 25. Qf2 Qh5 26. Bg3 Rxe3 27. Rxe3 Qe8 28. Rxe7 Qxe7 29. Qd2 c6 30. h3 Qf6 31. Kh2 b6 32. Qe3 Kf7 33. Bd6 Qf5 34. Bc7 b5 35. Qxc5 Kg8 36. Bg3 Qe6 37. c4 Bxf3 38. gxf3 Qe2+ 39. Qf2 Qxd3 40. cxb5 cxb5 41. Be5 Qd7 42. f4 g6 43. Qg2 Kf7 44. Qc2 Ke6 45. h4 a5 46. Kg3 a4 47. Qe2 Kf7 48. bxa4 bxa4 49. Qc4+ Kf8 50. Qc5+ Ke8 51. Bd4 h5 52. Qe5+ Kd8 53. Qh8+ 1-0

[Event "St Petersburg-ch qual"]
[Site "St Petersburg"]
[Date "2006.12.11"]
[Round "7"]
[White "Plotnikov, Vitaly"]
[Black "Korchagina, Victoria"]
[Result "0-1"]
[WhiteElo "2139"]
[BlackElo "2091"]
[PlyCount "58"]
[EventDate "2006.11.27"]
[EventType "swiss"]
[EventRounds "10"]
[EventCountry "RUS"]
[SourceTitle "EXT 2008"]
[Source "ChessBase"]
[SourceDate "2007.11.25"]
[SourceVersion "1"]
[SourceVersionDate "2007.11.25"]
[SourceQuality "1"]

1. e4 c5 2. Nf3 d6 3. d4 cxd4 4. Nxd4 Nf6 5. Nc3 a6 6. f3 e5 7. Nb3 Be6 8. Bg5 Nbd7 9. Qd2 Be7 10. 0-0-0 0-0 11. h4 b5 12. g4 b4 13. Nd5 Bxd5 14. exd5 a5 15. Kb1 a4 16. Nc1 Qa5 17. Bd3 Rfb8 18. Bf5 Nc5 19. Bxf6 Bxf6 20. g5 Be7 21. Nd3 Nxd3 22. Qxd3 g6 23. Be4 Qa7 24. Rhg1 b3 25. cxb3 axb3 26. a3 Qf2 27. h5 Rxa3 28. hxg6 Rba8 29. gxh7+ Kh8 0-1

[Event "St Petersburg-ch qual"]
[Site "St Petersburg"]
[Date "2006.12.04"]
[Round "4"]
[White "Melnikov, Nikolay"]
[Black "Plotnikov, Vitaly"]
[Result "1/2-1/2"]
[WhiteElo "1820"]
[BlackElo "2139"]
[PlyCount "72"]
[EventDate "2006.11.27"]
[EventType "swiss"]
[EventRounds "10"]
[EventCountry "RUS"]
[SourceTitle "EXT 2008"]
[Source "ChessBase"]
[SourceDate "2007.11.25"]
[SourceVersion "1"]
[SourceVersionDate "2007.11.25"]
[SourceQuality "1"]

1. e4 e6 2. d4 d5 3. e5 c5 4. c3 Nc6 5. Nf3 Qb6 6. a3 a5 7. a4 Bd7 8. Bb5 cxd4 9. cxd4 Bb4+ 10. Nc3 Nge7 11. 0-0 Nf5 12. Be3 Nxe3 13. fxe3 0-0 14. Qd3 Be7 15. Kh1 Rac8 16. Na2 f6 17. exf6 Bxf6 18. Rac1 Be8 19. Qd2 Bg6 20. b4 Nxb4 21. Nxb4 axb4 22. Qxb4 Bd3 23. Rfe1 Rc6 24. Qb3 Rxc1 25. Rxc1 Be4 26. Qc3 Bxf3 27. gxf3 Qd6 28. Qc5 Be7 29. Qxd6 Bxd6 30. f4 Rf7 31. Rc8+ Rf8 32. Bd7 Kf7 33. Kg2 Rxc8 34. Bxc8 b6 35. h3 Kf6 36. Kf3 Kf5 1/2-1/2

[Event "St Petersburg-ch qual"]
[Site "St Petersburg"]
[Date "2006.11.27"]
[Round "1"]
[White "Khatenever, Feliks"]
[Black "Plotnikov, Vitaly"]
[Result "1/2-1/2"]
[WhiteElo "1984"]
[BlackElo "2139"]
[PlyCount "143"]
[EventDate "2006.11.27"]
[EventType "swiss"]
[EventRounds "10"]
[EventCountry "RUS"]
[SourceTitle "EXT 2008"]
[Source "ChessBase"]
[SourceDate "2007.11.25"]
[SourceVersion "1"]
[SourceVersionDate "2007.11.25"]
[SourceQuality "1"]

1. d4 d5 2. Nf3 Nf6 3. e3 g6 4. b3 Bg7 5. Bb2 0-0 6. Bd3 c6 7. 0-0 Re8 8. Nbd2 Bg4 9. h3 Bxf3 10. Nxf3 Nbd7 11. Qe2 Ne4 12. c4 e5 13. cxd5 cxd5 14. Bb5 exd4 15. Nxd4 a6 16. Bxd7 Qxd7 17. Rad1 Rac8 18. Rd3 Bxd4 19. Rxd4 Qd6 20. Rfd1 Red8 21. Qd3 Qf6 22. Qe2 Qf5 23. f3 Nc3 24. Bxc3 Rxc3 25. e4 Qe5 26. Qd2 Rdc8 27. Rxd5 Qg3 28. Rd8+ Kg7 29. Rxc8 Rxc8 30. Rc1 Rxc1+ 31. Qxc1 Qe5 32. Qd2 Qc5+ 33. Kh2 h5 34. f4 Qc6 35. Qe2 Qf6 36. Qf2 Qc6 37. Qd4+ Kg8 38. Qd3 Qf6 39. Qg3 Qc6 40. e5 Qc2 41. a4 Qf5 42. Qe3 Qe6 43. g3 Qc6 44. Qd3 Qb6 45. Kg2 Qc6+ 46. Kh2 Qb6 47. Qc2 Qb4 48. e6 Qe7 49. exf7+ Kxf7 50. Qc4+ Kg7 51. Kg2 Qd7 52. Qc3+ Kh7 53. Kf2 Qxh3 54. Qc7+ Kh6 55. Qxb7 Qe6 56. Qf3 Qb6+ 57. Qe3 Qf6 58. Qd3 Qb6+ 59. Ke2 Qf6 60. Qc4 Qe7+ 61. Kd2 Qb7 62. Qc3 Qg2+ 63. Kc1 Kh7 64. Qd3 Qc6+ 65. Kb2 Qf6+ 66. Qc3 Qb6 67. b4 Qd6 68. b5 axb5 69. axb5 h4 70. Qe5 Qb4+ 71. Kc2 hxg3 72. Qc7+ 1/2-1/2